000
00322 a2200157 4500
001
180265
020
_a
040
_c
Magnum
100
_a
Braido, Eunice
240
1
0
_a
Os lobinhos afinados
_l
por
245
1
0
_a
Os lobinhos afinados
362
0
_a
1899
440
1
_a
FTD
697
_a
MAGNITO: I/ANIMAIS
942
_c
BK
999
_c
180265
_d
180265